1598 1738 1474 1533 1241 1407 1428 1242 1035 1475 1800 1455 1397 1468 1063 1661 1667 1120 1098 1954 1066 1000 1346 1183 1954 1566 1971 1790 1891 1260 1056 1615 1320 1864 1390 1760 1177 1951 1003 1906 1792 1710 1492 1130 1758 1336 1312 1537 1687 1051 1218 1534 1571 1920 1618 1531 1296 1172 1740 1171 1693 1311 1458 1637 1249 1222 1500 1863 1241 1646 1607 1269 1417 1692 1745 1655 1370 1442 1815 1974 1769 1531 1953 1340 1174 1052 1163 1685 1764 1738 1239 1946 1358 1438 1468 1236 1608 1506 1160 BCNSPRNW ULIB Ver.6.0+V

เปลี่ยนเป็นภาษาไทย

Change to English
 แสดงรายละเอียดบรรณานุกรม
  กลับหน้าหลัก

Brief Record : Get Marc (ISO 2709) : E-mail record : QR code < ปิดหน้าต่าง
LEADER : 00000nam 2200000uu 4500
001    13399109029
003     ULIB
008    110318s2544||||th 000 0 tha d
020    978828239
060  4 WA292^bค54ฉ 2544
110 1  คลินิกหมอ
245 00 คู่มือฉุกเฉิน/^cคลินิกหมอ
260    กรุงเทพฯ:^bคนทำหนังสื,^c2544
300    111 หน้า
650  7 ฉุกเฉิน
945    ^p85^l0^i013834
945    ^p85^l0^i013833
945    ^p85^l0^i013832
995    ทศพร
999 ^a ใช้งานได้ทุกระบบ
รายการนี้ยังไม่มีแท็ก
คุณยังไม่ได้ล็อกอิน คุณสามารถมีกิจกรรมร่วมกับเว็บไซต์ได้ แต่ต้องล็อกอินก่อน ::
  ล็อกอิน

รายการสื่อสารสนเทศ

ลำดับที่ ประเภท เลขเรียก/บาร์โค้ด สถานที่ สถานะ
- ไม่พบข้อมูล -

รายการใกล้เคียง
    หัวเรื่อง [ฉุกเฉิน]

BibComment


ยังไม่เคยถูกคอมเมนท์

คอมเมนท์ทรัพยากรรายการนี้
  คอมเมนท์: คู่มือฉุกเฉิน คลิ..


 Copyright 2026. Bcnsprnw @Library